000 00591nam a2200193Ia 4500
005 20260120132014.0
008 008 260114s9999 xx 000 0 eng d
020 _a9781383038743
037 _aEBOOK
040 _aCRL
_beng
_cCRL
041 _aeng
_2eng
084 _qCRL
100 _aBrook
_9933799
245 4 _aThe Expression of the Inexpressible in Eugenio Montales Poetry: Metaphor, Negation, and Silence
260 _bOxford University PressOxford University Press
_c2023
856 _uhttps://academic.oup.com/book/48850
942 _cEBOOK
999 _c1525722
_d1525722